|
|
|
|
| LEADER |
00000nam a2200000 i 4500 |
| 001 |
DIGVIETO115 |
| 003 |
NyNyDIG |
| 008 |
200514s2017 sp ob 000 0 spa d |
| 006 |
m o d |
| 007 |
cr ||||||||||| |
| 035 |
|
|
|a (OCoLC)1155429468
|
| 040 |
|
|
|a DGITA
|b eng
|e rda
|e pn
|c DGITA
|
| 020 |
|
|
|z 9788416995455
|
| 020 |
|
|
|z 8416995451
|
| 043 |
|
|
|a e-sp---
|
| 050 |
1 |
4 |
|a HX343.5 ebook
|
| 082 |
0 |
4 |
|a 335.00946
|
| 100 |
1 |
|
|a González de Andrés, Enrique,
|e author.
|
| 245 |
1 |
0 |
|a ¿Reforma o ruptura? :
|b una aproximación crítica a las políticas del Partido Comunista de España entre 1973 y 1977 : programa, discurso y acción sociopolítica /
|c Enrique González de Andrés.
|
| 264 |
|
1 |
|a Vilassar de Dalt (Barcelona) :
|b El Viejo Topo,
|c [2017]
|
| 300 |
|
|
|a 1 online resource.
|
| 336 |
|
|
|a text
|b txt
|2 rdacontent
|
| 337 |
|
|
|a computer
|b c
|2 rdamedia
|
| 338 |
|
|
|a online resource
|b cr
|2 rdacarrier
|
| 347 |
|
|
|a text file
|2 rdaft
|
| 347 |
|
|
|b PDF
|
| 504 |
|
|
|a Includes bibliographical references.
|
| 505 |
0 |
|
|a Programa y discurso del PCE -- El PCE ante la crisis económica mundial y española de los años setenta : una sucinta aproximación -- La conflictividad huelguística (1962-1977) y los análisis del PCE -- La huelga general de Navarra de junio de 1973 -- 11 de diciembre de 1974 : huelga general en el País Vasco y Navarra : génesis y culminación -- Las huelgas de enero de 1976 en Madrid -- El gobierno presidido por Carrero Blanco y su abrupta finalización -- La política del PCE sobre la Ley de Reforma Política y el referéndum -- Los Pactos de la Moncloa : alternativa discursiva y praxis del PCE.
|
| 588 |
0 |
|
|a Online resource; title from PDF title page (Digitalia, viewed May 25, 2020)
|
| 610 |
2 |
0 |
|a Partido Comunista de España
|x History
|y 20th century.
|
| 650 |
|
0 |
|a Communism
|z Spain
|x History
|y 20th century.
|
| 655 |
|
0 |
|a Electronic books.
|
| 791 |
2 |
|
|a Digitalia (Firm),
|e distributor.
|
| 793 |
0 |
|
|g Digitalia eBook Collection:
|a El Viejo Topo
|
| 776 |
0 |
8 |
|i Print version:
|a González de Andrés, Enrique.
|t ¿Reforma o ruptura?
|d Vilassar de Dalt (Barcelona) : El Viejo Topo, [2017]
|z 9788416995455
|w (DLC) 2017494845
|w (OCoLC)1013438304
|
| 856 |
4 |
0 |
|3 Digitalia Hispánica
|u https://www.digitaliapublishing.com/a/57560/
|
| 910 |
|
|
|a Premium collection: 2020
|